| 000 | 00773nam a22001937a 4500 | ||
|---|---|---|---|
| 999 |
_c5353 _d5353 |
||
| 003 | AR-CdUCM | ||
| 008 | 190312b ||||| |||| 00| 0 spa d | ||
| 040 |
_aMUNICIPALIDAD PROVINCIAL DEL CUSCO _cBIBLIOTECA MUNICIPAL DEL CUSCO |
||
| 082 |
_a305.4 / _bM93 |
||
| 110 |
_aNaciones unidas, comisión económica para America Latina y el Caribe _916156 |
||
| 245 |
_aLa mujer en el sector popular urbano : _bAmérica Latina y el Caribe / |
||
| 260 |
_aSantiago : _bNaciones Unidas, _c1984. |
||
| 300 |
_a349 páginas ; _c26 cm. |
||
| 505 | _aContenido : Una visión global de la mujer popular -- Participación -- Trabajo -- Familia -- Aspectos metodologicos de la investigación-acción, | ||
| 650 |
_aMujer _9143 |
||
| 650 |
_aONU _96605 |
||
| 942 |
_2ddc _cLIBROS |
||
| 945 | _azta | ||